Tilastot visalle Euroopan valtiot vuonna 1815 kartalla

Klikkaa tästä pelataksesi tätä visaa!

Yleistilastot

  • Tätä visaa on pelattu 2 668 kertaa
  • Keskiarvotulos 17 / 44

Vastaukset kartalla

Vastauksille on annettu kartalla punavihreä väri sen mukaan, kuinka moni on saanut sen oikein.
 

Vastaustilastot

Vastaus% Oikein
Norja
99%
Ruotsi
99%
Espanjan imperiumi
98%
Ranska
98%
Venäjän keisarikunta
98%
Iso-Britannia ja Irlanti
96%
Portugali
96%
Tanska
95%
Hollanti
76%
Itävallan keisarikunta
74%
Sveitsin konfederaatio
67%
Kirkkovaltio
58%
Osmanien valtakunta
56%
Luxemburg
55%
Molempain Sisiliain kuningaskunta
55%
Preussi
47%
San Marino
43%
Monaco
41%
Liechtenstein
39%
Sardinian kuningaskunta
39%
Andorra
36%
Hampuri
28%
Baijeri
25%
Saksin kuningaskunta
24%
Montenegro
23%
Bremen
17%
Frankfurt
15%
Hannover
14%
Hesse
14%
Toscana
14%
Baden
10%
Krakova
9%
Parma
8%
Saksi-Weimar-
Eisenach
8%
Württemberg
8%
Hessenin vaaliruhtinaskunta
7%
Mecklenburg
7%
Anhaltin herttuakunta
6%
Lucca
6%
Modena
6%
Nassau
6%
Hohenzollern
5%
Oldenburgin suurherttuakunta
5%
Braunschweig
2%

Tulosjakauma

Persentiili vastausten määrän mukaan

Jokaisen tuloksen saaneiden osuus

Tuloshistoriasi

Et ole pelannut tätä visaa